La crisis de la iglesia en Chile. Mirar las heridas
Saved in:
| Hovedforfatter: | |
|---|---|
| Andre forfattere: | , |
| Format: | Ukendt |
| Udgivet: |
Santiago, Chile:
Ediciones UC,
2021.
|
| Fag: | |
| Tags: |
Tilføj Tag
Ingen Tags, Vær først til at tagge denne postø!
|
MARC
| LEADER | 00000 a2200000 4500 | ||
|---|---|---|---|
| 003 | CL-VaPUC | ||
| 005 | 20221103164118.0 | ||
| 008 | 221020t2021 ||||| |||| 00| 0 eng d | ||
| 999 | |c 438874 |d 438872 | ||
| 020 | |a 978-956-14-2902-4 | ||
| 040 | |c Pontificia Universidad Católica de Valparaíso | ||
| 082 | 7 | |a 261.83272 BRA 2021 |2 22 | |
| 100 | |a Brahm, Sofía |9 876832 |e editora | ||
| 245 | 1 | 3 | |a La crisis de la iglesia en Chile. |b Mirar las heridas |
| 260 | |a Santiago, Chile: |b Ediciones UC, |c 2021. | ||
| 300 | |a 301 páginas. | ||
| 583 | |k GC |c 20221020 | ||
| 610 | |a Iglesia Católica |x Clero |x Conducta sexual |9 877990 | ||
| 650 | |a Abuso sexual infantil por el clero |z Chile |x Iglesia Católica |9 877991 | ||
| 700 | |a Valenzuela, Eduardo |e editor |9 877815 | ||
| 700 | |a Chomalí, Fernando |e prólogo |9 877816 | ||
| 942 | |2 ddc |c BK | ||
| 952 | |0 0 |1 0 |2 ddc |4 0 |6 261_832720000000000_BRA_2021 |7 0 |8 A |9 587327 |a BIBTEO |b BIBTEO |c GEN |d 2022-10-17 |e 3 |g 11053.00 |i 5654669 |o 261.83272 BRA 2021 |p 5654669 |r 2025-01-17 |t 1 |v 11053.00 |w 2022-10-17 |y BK |k ICR | ||
| 952 | |0 0 |1 0 |2 ddc |4 0 |6 261_832720000000000_BRA_2021 |7 0 |8 A |9 587328 |a BIBTEO |b BIBTEO |c GEN |d 2022-10-17 |e 3 |g 11053.00 |i 5654671 |o 261.83272 BRA 2021 |p 5654671 |r 2025-01-17 |t 3 |v 11053.00 |w 2022-10-17 |y BK |k ICR | ||
| 952 | |0 0 |1 0 |2 ddc |4 0 |6 261_832720000000000_BRA_2021 |7 0 |8 A |9 587329 |a BIBTEO |b BIBTEO |c GEN |d 2022-10-17 |e 3 |g 11053.00 |i 5654670 |o 261.83272 BRA 2021 |p 5654670 |r 2025-01-17 |t 2 |v 11053.00 |w 2022-10-17 |y BK |k ICR | ||